|
|
|
|
| LEADER |
00000cas a2200000 c 4500 |
| 001 |
130129240 |
| 003 |
DE-627 |
| 005 |
20260416112525.0 |
| 007 |
tu |
| 008 |
931116c19689999gw z| m| 0 |0ger c |
| 016 |
7 |
|
|a 012670944
|2 DE-101
|
| 016 |
7 |
|
|a 507762-X
|2 DE-600
|
| 035 |
|
|
|a (DE-627)130129240
|
| 035 |
|
|
|a (DE-576)01090462X
|
| 035 |
|
|
|a (DE-599)ZDB507762-X
|
| 035 |
|
|
|a (OCoLC)263601041
|
| 040 |
|
|
|a DE-627
|b ger
|c DE-627
|e rakwb
|
| 041 |
|
|
|a ger
|
| 044 |
|
|
|c XA-DE
|
| 082 |
0 |
4 |
|a 150
|q DE-101
|
| 082 |
0 |
4 |
|a 050
|q DE-600
|
| 245 |
0 |
0 |
|a Beltz-Bibliothek
|
| 264 |
3 |
1 |
|a Weinheim [u.a.]
|b Beltz
|c 1968-
|
| 264 |
|
1 |
|a Weinheim
|a Berlin
|b Beltz
|c anfangs
|
| 336 |
|
|
|a Text
|b txt
|2 rdacontent
|
| 337 |
|
|
|a ohne Hilfsmittel zu benutzen
|b n
|2 rdamedia
|
| 338 |
|
|
|a Band
|b nc
|2 rdacarrier
|
| 362 |
0 |
|
|a 1.1968 -
|
| 363 |
0 |
1 |
|a 1
|i 1968
|
| 591 |
|
|
|a G/GC
|
| 655 |
|
7 |
|a Monografische Reihe
|0 (DE-588)4179998-7
|0 (DE-627)104628669
|0 (DE-576)209995106
|2 gnd-content
|
| 710 |
2 |
|
|a Julius Beltz GmbH & Co. KG
|e Herausgebendes Organ
|0 (DE-588)2025644-9
|0 (DE-627)102200858
|0 (DE-576)191779644
|4 isb
|
| 889 |
|
|
|w (DE-603)007473567
|
| 889 |
|
|
|w (DE-627)1871407761
|
| 935 |
|
|
|a mteo
|
| 935 |
|
|
|i sdedup20220928
|
| 936 |
s |
n |
|a c200
|2 mzub
|
| 951 |
|
|
|a ST
|
| ELC |
|
|
|b 1
|
| LOK |
|
|
|0 000 xxxxxcx a22 zn 4500
|
| LOK |
|
|
|0 001 248016005X
|
| LOK |
|
|
|0 003 DE-627
|
| LOK |
|
|
|0 004 130129240
|
| LOK |
|
|
|0 005 20011213000000
|
| LOK |
|
|
|0 008 930806||||||||||||||||ger|||||||
|
| LOK |
|
|
|0 040
|a DE-21-110
|c DE-627
|d DE-21-110
|
| LOK |
|
|
|0 852
|a DE-21-110
|
| LOK |
|
|
|0 852 1
|m p
|9 00
|
| LOK |
|
|
|0 935
|a k110
|
| LOK |
|
|
|0 938
|k p
|
| LOK |
|
|
|0 939
|a 1993-08-06
|b l01
|
| ORI |
|
|
|a WA-MARC-krimdoka001.raw
|
| SPR |
|
|
|a 1
|t KRI
|